00263nam a2200097Ia 4500008004100000100002300041245003400064260004100098300000800139650001800147190216s9999||||xx |||||||||||||| ||und|| aJacques Gicharnaud 0aCollection Of Critical Essays bPrentice Hall Of India Pvt Ltdc1964 a182 aEnglish Essay